000
00256nam a2200109Ia 4500
001
588755
005
20250717120837.0
008
250717s9999 xx 000 0 und d
245
0
_a
Z-2 FALAKA
_c
AHMET RASİM
260
_b
ERDEM YAYINLARI
_c
2017
300
_b
94
999
_c
588755
_d
588755